serun
ՀԱՅ ԳԻՐՔ = Armenian Book

Այբուբենի կախարդանքը / (Record no. 165752)

000 -LEADER
fixed length control field nam a22 a 4500
003 - CONTROL NUMBER IDENTIFIER
control field AM-YeNLA
005 - DATE AND TIME OF LATEST TRANSACTION
control field 20260209144425.0
007 - PHYSICAL DESCRIPTION FIXED FIELD--GENERAL INFORMATION
fixed length control field ta
008 - FIXED-LENGTH DATA ELEMENTS--GENERAL INFORMATION
fixed length control field 260209s2025 ai a|||gr|||||000|0|arm||
020 ## - INTERNATIONAL STANDARD BOOK NUMBER
International Standard Book Number 978-9939-0-5620-3
040 ## - CATALOGING SOURCE
Language of cataloging arm
Transcribing agency AM-YeNLA
041 0# - LANGUAGE CODE
Language code of text/sound track or separate title arm
100 1# - MAIN ENTRY--PERSONAL NAME
Personal name Խունկ, Ն.
245 10 - TITLE STATEMENT
Title Այբուբենի կախարդանքը /
Statement of responsibility, etc. Ն. Խունկ ; [Նկարազարդող՝ Վ. Անտոնյան, Դ. Միսակյան, Մ. Մխոյան և այլք].
260 ## - PUBLICATION, DISTRIBUTION, ETC. (IMPRINT)
Place of publication, distribution, etc. Երևան :
Name of publisher, distributor, etc. Հեղինակային հրատարակություն,
Date of publication, distribution, etc. 2025.
300 ## - PHYSICAL DESCRIPTION
Extent 11 էջ ։
Other physical details նկար ;
Dimensions 10x15 սմ.
650 14 - SUBJECT ADDED ENTRY--TOPICAL TERM
Topical term or geographic name as entry element Հայ մանկական պոեզիա
650 14 - SUBJECT ADDED ENTRY--TOPICAL TERM
Topical term or geographic name as entry element Մանկական գրքեր
700 1# - ADDED ENTRY--PERSONAL NAME
Personal name Անտոնյան, Վ.
Relator term նկարազարդող
Relator code ill
700 1# - ADDED ENTRY--PERSONAL NAME
Personal name Միսակյան, Դ.
Relator term նկարազարդող
Relator code ill
700 1# - ADDED ENTRY--PERSONAL NAME
Personal name Մխոյան, Մ.
Relator term նկարազարդող
Relator code ill
942 ## - ADDED ENTRY ELEMENTS (KOHA)
Source of classification or shelving scheme
Koha item type Books
Holdings
Withdrawn status Lost status Source of classification or shelving scheme Damaged status Not for loan Permanent Location Current Location Date acquired Inventory number Date last seen Price effective from Koha item type
          National Library of Armenia National Library of Armenia 2026-02-09 ՀԱԳ 2026-02-09 2026-02-09 Books

Հայաստանի ազգային գրադարան ՀՀ, 0009,Երևան, Տերյան 72
Հետադարձ կապ